000 00345nam a2200145Ia 4500
008 230917s9999||||xx |||||||||||||| ||und||
040 _e144319
_aMAIN
041 _aEnglish
082 _a940.25 V43A
100 _aVerma, Dinanath
245 0 _aAadhunik Europe
260 _aNew Delhi
_bGyanda Prakashan
_c1990
300 _a404 p.
942 _cBK
999 _c68110
_d68110